[Event "Aragon-chT Preferente-B"]
[Site "Spain"]
[Date "2011.03.19"]
[Round "7.4"]
[White "Martinez Martinez, PJ."]
[Black "Palomar Ramon, Santiago"]
[Result "1/2-1/2"]
[WhiteElo "1784"]
[BlackElo "2041"]
[PlyCount "61"]
[EventDate "2011.02.05"]
[EventType "team-tourn"]
[EventRounds "9"]
[EventCountry "ESP"]
[SourceTitle "EXT 2013"]
[Source "ChessBase"]
[SourceDate "2012.11.22"]
[SourceVersion "1"]
[SourceVersionDate "2012.11.22"]
[SourceQuality "1"]
[WhiteTeam "El Soto"]
[BlackTeam "San Jose"]
[WhiteTeamCountry "ESP"]
[BlackTeamCountry "ESP"]

1. d4 d5 2. Nf3 Nf6 3. e3 Nbd7 4. Bd3 e6 5. Nbd2 Bd6 6. e4 dxe4 7. Nxe4 Nxe4 8. Bxe4 Nf6 9. Bg5 h6 10. Bxf6 Qxf6 11. c3 0-0 12. Qe2 Rb8 13. 0-0 g6 14. Bc2 b6 15. Ne5 Bxe5 16. dxe5 Qe7 17. Rad1 Bb7 18. Be4 Bxe4 19. Qxe4 Rfd8 20. Qa4 Rxd1 21. Rxd1 Rd8 22. Rd4 c5 23. Rxd8+ Qxd8 24. g3 a5 25. Qc6 g5 26. Kg2 g4 27. a3 Kg7 28. b4 cxb4 29. cxb4 axb4 30. axb4 Qd4 31. b5 1/2-1/2